| 000 | 01141nam a22002777a 4500 | ||
|---|---|---|---|
| 005 | 20090617102725.0 | ||
| 008 | 090617t xxu||||| |||| 00| 0 hin d | ||
| 010 | _aHIN-86955 | ||
| 020 |
_a8187733918 _c350.00 |
||
| 035 | _aHN-59301 | ||
| 037 | _bDBAD / PUB | ||
| 040 |
_adpl _bhn |
||
| 082 | _a921 | ||
| 100 | _aसंतराम | ||
| 245 |
_aमेरे जीवन के अनुभव / _cसंतराम |
||
| 246 |
_aMere jiivana ke anubhava _bSantram |
||
| 260 |
_aदिल्ली _bगौतम बुक सेन्टर _c2008 |
||
| 270 |
_aचन्दन सदन ,सी-263ए, गली नं.-9, हरदेवपुरी , शाहदरा _bदिल्ली _e110093 _k22810380, 65822074 |
||
| 300 |
_a176पृ. _c22सेमी (सजिल्द) |
||
| 600 | _aसंतराम | ||
| 600 | _aSantram | ||
| 650 | _aस्मृति | ||
| 650 | _aMemory | ||
| 942 |
_2ddc _cHN _mसंतरा _h921 |
||
| 999 |
_c27527 _d27527 |
||